<?xml version="1.0" encoding="UTF-8"?><collection xmlns="info:lc/xmlns/marcxchange-v2"><record format="Unimarc" type="bibliographic"><leader>00850nam  2200253   450 </leader><controlfield tag="001">2437775</controlfield><controlfield tag="003">http://id.bnportugal.gov.pt/bib/porbase/2437775</controlfield><datafield ind1=" " ind2=" " tag="010"><subfield code="a">978-0-521-84548-9</subfield></datafield><datafield ind1=" " ind2=" " tag="035"><subfield code="a">(bn)1746096</subfield></datafield><datafield ind1=" " ind2=" " tag="100"><subfield code="a">20110517d2007    m  y0pory0103    ba</subfield></datafield><datafield ind1="0" ind2=" " tag="101"><subfield code="a">eng</subfield></datafield><datafield ind1=" " ind2=" " tag="102"><subfield code="a">GB</subfield></datafield><datafield ind1=" " ind2=" " tag="105"><subfield code="a">a   z   001yy</subfield></datafield><datafield ind1=" " ind2=" " tag="106"><subfield code="a">r</subfield></datafield><datafield ind1="1" ind2=" " tag="200"><subfield code="a">Correspondence and cultural exchange in Europe, 1400-1700</subfield><subfield code="f">ed. Francisco Bethencourt, Florike Egmond</subfield></datafield><datafield ind1=" " ind2="9" tag="210"><subfield code="a">Cambridge [etc.]</subfield><subfield code="c">University Press</subfield><subfield code="d">2007</subfield></datafield><datafield ind1=" " ind2=" " tag="215"><subfield code="a">XX, 374 p.</subfield><subfield code="c">il.</subfield><subfield code="d">24 cm</subfield></datafield><datafield ind1="2" ind2=" " tag="225"><subfield code="a">Cultural exchange in early modern Europe</subfield><subfield code="v">3</subfield></datafield><datafield ind1=" " ind2=" " tag="320"><subfield code="a">Bibliografia, p. 333-362</subfield></datafield><datafield ind1=" " ind2=" " tag="675"><subfield code="a">94(4)"14/17"</subfield><subfield code="v">BN</subfield><subfield code="z">por</subfield><subfield code="3">328290</subfield></datafield><datafield ind1=" " ind2=" " tag="675"><subfield code="a">316.77(4)"14/17"(091)</subfield><subfield code="v">BN</subfield><subfield code="z">por</subfield><subfield code="3">1761225</subfield></datafield><datafield ind1=" " ind2="1" tag="702"><subfield code="a">Bethencourt</subfield><subfield code="b">Francisco</subfield><subfield code="f">1955-</subfield><subfield code="4">340</subfield><subfield code="3">75437</subfield></datafield><datafield ind1=" " ind2="1" tag="702"><subfield code="a">Egmond</subfield><subfield code="b">Florike</subfield><subfield code="4">340</subfield><subfield code="3">2011332</subfield></datafield><datafield ind1=" " ind2="0" tag="801"><subfield code="a">PT</subfield><subfield code="b">BN</subfield><subfield code="g">RPC</subfield></datafield><datafield ind1=" " ind2=" " tag="966"><subfield code="l">BN</subfield><subfield code="m">FGMON</subfield><subfield code="s">H.G. 64397 V.</subfield><subfield code="x">3</subfield></datafield></record></collection>